Jewish

Bibliographic Details
Main Author: Wood, Jenny
Other Authors: Fairclough, Chris (photography by)
Format: Book
Published: London : Franklin Watts , 1988
Series:Our culture
Subjects:

MARC

LEADER 00000cam a2200000 7i4500
001 0000003382
002 000003649
005 20081110.0
020 |a 0863136702 
090 0 0 |a 306.6   |b WOO 
100 1 |a Wood, Jenny 
245 1 0 |a Jewish   |c Jenny Wood ; photographs by Chris Fairclough 
260 |a London :   |b Franklin Watts ,   |c 1988 
300 |a 29 p. :   |b ill. ;   |c 22 cm. 
490 0 |a Our culture 
650 0 0 |a Jewish   |x Juvenile literature 
700 1 |a Fairclough, Chris ,   |e photography by 
999 |a 036933   |b BUKU   |c JUNIOR BOOKS   |e PERPUSTAKAAN KOMUNITI PETALING JAYA